000 00742nam a2200217Ii 4500
003 JO-AjNU
008 230605s9999||||xx |||||||||||||| ||und||
017 _a2005/2756
040 _aJO-AjNU
_bara
_erda
_cJO-AjNU
041 _aara
050 1 4 _aPJ6101.S5.2006
100 3 _aتأليف قنبر، أبي بشر عمرو بن عثمان؛ تحقيق وشرح عبد السلام محمد هارون,
_eauthor
_926652
245 0 0 _aكتاب سيبوية
250 _aط4
264 3 1 _aالقاهرة: مكتبة الخانجى، 2006
300 _aج5، 418ص
336 _atext
_btxt
_2rdacontent
337 _aunmediated
_bn
_2rdamedia
338 _avolume
_bnc
_2rdacarrier
650 4 _aاللغة العربية -- النحو
_926653
999 _aA10124
_c13692
_d13692